Измерение и анализ величин, используемых при оценке радоноопасноти территорий в Российской Федерации и Чешской Республике; Изотопы: технологии, материалы и применение

Библиографические подробности
Источник:Изотопы: технологии, материалы и применение.— 2015.— [С. 48]
Главный автор: Шилова К. О. Ксения Олеговна
Автор-организация: Национальный исследовательский Томский политехнический университет (ТПУ) Физико-технический институт (ФТИ) Кафедра прикладной физики (№ 12) (ПФ)
Другие авторы: Ключникова Ю. О. Юлия Олеговна (научный руководитель), Рыжакова Н. К. Надежда Кирилловна
Примечания:Заглавие с титульного экрана
Язык:русский
Опубликовано: 2015
Серии:Применение изотопов в фундаментальных, прикладных физико-химических исследованиях и медицине. получение изотопно- модифицированных материалов
Предметы:
Online-ссылка:http://earchive.tpu.ru/handle/11683/22431
http://www.lib.tpu.ru/fulltext/c/2015/C84/033.pdf
Формат: Электронный ресурс Статья
Запись в KOHA:https://koha.lib.tpu.ru/cgi-bin/koha/opac-detail.pl?biblionumber=615192

MARC

LEADER 00000naa2a2200000 4500
001 615192
005 20231101132839.0
035 |a (RuTPU)RU\TPU\conf\13391 
035 |a RU\TPU\conf\13390 
090 |a 615192 
100 |a 20151028d2015 k y0rusy50 ca 
101 0 |a rus 
102 |a RU 
105 |a y z 101zy 
135 |a drcn ---uucaa 
181 0 |a i  
182 0 |a b 
200 1 |a Измерение и анализ величин, используемых при оценке радоноопасноти территорий в Российской Федерации и Чешской Республике  |f К. О. Шилова, Ю. О. Ключникова  |g науч. рук. Н. К. Рыжакова 
203 |a Текст  |c электронный 
225 1 |a Применение изотопов в фундаментальных, прикладных физико-химических исследованиях и медицине. получение изотопно- модифицированных материалов 
230 |a 1 компьютерный файл (pdf; 251 Кb) 
300 |a Заглавие с титульного экрана 
320 |a [Библиогр.: с. 48 (3 назв.)] 
337 |a Adobe Reader 
463 0 |0 (RuTPU)RU\TPU\conf\13159  |t Изотопы: технологии, материалы и применение  |o материалы II Международной научной конференции молодых ученых, аспирантов и студентов, г.Томск, 19-23 октября 2015 г.  |f Национальный исследовательский Томский политехнический университет (ТПУ)  |v [С. 48]  |d 2015 
610 1 |a труды учёных ТПУ 
610 1 |a электронный ресурс 
610 1 |a измерение 
610 1 |a Российская Федерация 
610 1 |a Чешская Республика 
610 1 |a воздухопроницаемость 
610 1 |a природные источники 
700 1 |a Шилова  |b К. О.  |c специалист в области радиационной безопасности  |c инженер Томского политехнического университета  |f 1993-  |g Ксения Олеговна  |2 stltpush  |3 (RuTPU)RU\TPU\pers\39824 
701 1 |a Ключникова  |b Ю. О.  |g Юлия Олеговна 
702 1 |a Рыжакова  |b Н. К.  |c физик  |c доцент Томского политехнического университета, кандидат физико-математических наук  |f 1947-  |g Надежда Кирилловна  |2 stltpush  |4 727 
712 0 2 |a Национальный исследовательский Томский политехнический университет (ТПУ)  |b Физико-технический институт (ФТИ)  |b Кафедра прикладной физики (№ 12) (ПФ)  |h 46  |2 stltpush  |3 (RuTPU)RU\TPU\col\18729 
801 2 |a RU  |b 63413507  |c 20210217  |g RCR 
856 4 |u http://earchive.tpu.ru/handle/11683/22431 
856 4 |u http://www.lib.tpu.ru/fulltext/c/2015/C84/033.pdf 
942 |c BK